Top 50 WWE Wrestlers OAT Goat - Statistics

General Stats
  • This quiz has been taken 150 times
  • The average score is 30 of 50
Answer Stats
# Wrestker % Correct
7 The Rock
96%
2 John Cena
95%
1 Undertaker
94%
4 Shawn Michaels
93%
9 Randy Orton
90%
3 Stone Cold
90%
10 Hulk Hogan
88%
6 Roman Reigns
88%
8 Kane
83%
46 Seth Rollins
83%
14 Big Show
81%
21 Bret Hart
81%
22 Brock Lesnar
81%
13 Ric Flair
81%
12 Edge
77%
42 Matt Hardy
77%
11 Rey Mysterio
77%
38 Jeff Hardy
76%
17 Batista
74%
27 Chris Jericho
74%
18 Eddie Guerrero
74%
5 HHH
71%
25 Kurt Angle
71%
16 Ultimate Warrior
71%
15 Andre The Giant
68%
37 Diesel (Kevin Nash)
65%
45 AJ Styles
64%
48 The Miz
60%
35 Dusty Rhodes
57%
30 Christian
56%
19 Goldberg
56%
24 Mick Foley
54%
36 Jerry (The King) Lawler
49%
26 Mark Henry
46%
47 Shane McMahon
45%
34 Sting
43%
29 Macho Man
40%
49 Dolph Ziggler
39%
20 Trish Stratus
38%
41 Becky Lynch
35%
33 Roddy Piper
35%
32 Chyna
28%
39 USOS
28%
28 Jake (The Snake) Robets
26%
31 Charlotte Flair
22%
40 New Day
17%
43 Ronda Rousey
14%
23 Beth Phoenix
11%
50 Bella Twins
10%
44 Mickie James
6%
No matching quizzes found
Score Distribution
Percent of People with Each Score
Percentile by Number Answered
Your Score History
You have not taken this quiz